000 00204nam a2200109Ia 4500
100 _aHARPER DICTIONARY
942 _cBK
245 _aMODERN THOUGHT.
260 _b#N/A
546 _aENGLISH
999 _c25143
_d25143